01172nam a2200253Ia 4500003000900000008004100009020001800050040001600068080002200084111009400106245028000200260006100480300001500541490003400556650002200590650002800612650001900640700003300659700003700692710004900729942000700778999001700785952011600802IN-BaIIA211028s9999 xx 000 0 eng d a1-58381-130-3 cIIA Library a082.2:52bASP-287 aInternational Astronomical Observatories in Chile WorkshopcChiled2002 Mar. 11-15928967 0aGalactic star formation across the stellar mass spectrumbproceedings of the 2002 international astronomical observatories in Chile workshop held in La Sarena, Chile, 11-15 Mar 2002cedited by J. M. De Buizer and N. S. van der Bliek  aSan FranciscobAstronomical Society of the Pacificc2003 axix, 507p. aASP conference series; v. 287 aEnergetics928968 aMolecular clouds911776 aStar formation aDe Buizer, J. M., ed.928969 avan der Bliek, N. S., ed.928970 aAstronomical Society of the PacificĀ 922919 cBK c15714d15714 00104070aBANbBANcGENd2004-08-21eASP l0o082.2:52/ ASP-287p16636r2021-11-05w2004-08-21yBK 57.00